| 000 | 00422nam a2200169Ia 4500 | ||
|---|---|---|---|
| 003 | OSt | ||
| 005 | 20240708165616.0 | ||
| 008 | 170619s9999 xx 000 0 und d | ||
| 020 | _a978-9352806904 | ||
| 040 | _cIIMT ENGINEERING COLLEGE | ||
| 100 | _aPareek- Udai | ||
| 245 | 0 | _aTraining instruments for human resource management | |
| 260 | _bNew Delhi T M H | ||
| 260 | _c2001 | ||
| 546 | _aENGLISH | ||
| 942 |
_2ddc _c02 |
||
| 999 |
_c21973 _d21973 |
||